100 największych miast II RP na mapie - Statystyki

Ogólne statystyki
  • Ten quiz został rozwiązany 619 razy
  • Średni wynik to 55 z 100
Odpowiedzi na mapie
Odpowiedzi zakodowano w zielono-czerwonej skali na mapie do tego quizu, zgodnie z poniższymi procentami.
 
Statystyki odpowiedzi
L.p Województwo Miasto Liczba
Ludności
% Poprawnych
1. - Warszawa 1 178 914
97%
5. Krakowskie Kraków 221 260
95%
3. Lwowskie Lwów 316 177
95%
4. Poznańskie Poznań 246 698
94%
6. Wileńskie Wilno 196 383
93%
43. Pomorskie Gdynia 30 210
92%
7 Śląskie Katowice 127 044
91%
2. Łodzkie Łódź 605 467
91%
10. Lubelskie Lublin 112 539
89%
12. Białostockie Białystok 91 335
88%
16. Kieleckie Kielce 58 397
88%
19. Pomorskie Toruń 54 280
88%
9. Poznańskie Bydgoszcz 117 528
87%
47. Lwowskie Rzeszów 27 499
84%
14. Kieleckie Radom 78 073
82%
78. Krakowskie Zakopane 17 703
81%
8. Kieleckie Częstochowa 117 588
80%
27. Krakowskie Tarnów 45 235
80%
36. Warszawskie Płock 32 777
77%
18. Łodzkie Kalisz 55 125
75%
20. Lwowskie Przemyśl 51 379
75%
11. Kieleckie Sosnowiec 109 454
75%
44. Poznańskie Gniezno 29 924
74%
42. Krakowskie Nowy Sącz 30 278
74%
66. Białostockie Suwałki 21 957
72%
23. Białostockie Grodno 49 932
71%
53. Lubelskie Zamość 24 273
71%
63. Śląskie Bielsko 22 573
70%
22. Pomorskie Grudziądz 40 405
70%
61. Krakowskie Biała 22 891
69%
21. Łodzkie Piotrków 51 294
69%
54. Warszawskie Pruszków 23 703
69%
17. Warszawskie Włocławek 56 277
69%
45. Lubelskie Chełm 29 222
67%
51. Białostockie Łomża 25 065
66%
15. Stanisławowskie Stanisławów 60 256
66%
40. Poznańskie Inowrocław 30 862
65%
62. Pomorskie Tczew 22 728
65%
77. Śląskie Cieszyn 17 91
64%
73. Poznańskie Leszno 19 258
63%
33. Tarnopolskie Tarnopol 35 831
63%
96. Białostockie Ostrołęka 13 438
62%
56. Śląskie Rybnik 23 046
62%
32. Lubelskie Siedlce 36 927
62%
48. Łódzkie Zgierz 26 646
61%
31. Kieleckie Dąbrowa Górnicza 36 987
60%
26. Łódzkie Pabianice 45 614
60%
68. Łódzkie Skierniewice 20 191
59%
81. Lubelskie Biała Podlaska 17 549
58%
34. Wołyńskie Łuck 35 737
58%
49. Kieleckie Ostrowiec 25 983
56%
88. Warszawskie Otwock 14 996
56%
91. Lwowskie Sanok 14 262
53%
71. Poznańskie Ostrów Wielkopolski 19 555
52%
55. Łódzkie Kutno 23 451
51%
92. Pomorskie Chojnice 14 255
50%
94. Warszawskie Ciechanów 13 954
48%
58. Śląskie Mysłowice 22 943
48%
30. Łodzkie Tomaszów Mazowiecki 38 088
48%
37. Kieleckie Zawiercie 31 713
48%
25. Kieleckie Będzin 47 835
47%
75. Krakowskie Jaworzno 19 055
47%
98. Pomorskie Starogard 13 356
47%
50. Warszawskie Żyrardów 25 081
47%
70. Warszawskie Mława 19 584
46%
57. Łódzkie Radomsko 22 978
45%
90. Kieleckie Skarżysko-Kamienna 14 320
45%
84. Śląskie Tarnowskie Góry 15 773
44%
64. Lwowskie Jarosław 22 330
43%
95. Łódzkie Koło 13 771
43%
85. Warszawskie Grodzisk Mazowiecki 15 678
41%
97. Lubelskie Hrubieszów 13 359
41%
79. Warszawskie Łowicz 17 613
40%
39. Poleskie Pińsk 31 913
40%
24. Poleskie Brześć nad Bugiem 48 431
39%
76. Krakowskie Chrzanów 17 833
36%
29. Wołyńskie Równe 40 788
36%
86. Warszawskie Pułtusk 15 487
35%
59. Łódzkie Zduńska Wola 22 904
35%
93. Lubelskie Łuków 13 971
31%
60. Nowogródzkie Baranowicze 22 893
30%
80. Białostockie Ostrów Mazowiecka 17 611
29%
38. Lwowskie Drohobycz 31 622
28%
72. Nowogródzkie Lida 19 490
28%
67. Kieleckie Czeladź 21 035
27%
41. Stanisławowskie Stryj 30 682
27%
46. Wołyńskie Kowel 27 653
25%
13. Śląskie Królewska Huta 80 734
24%
52. Wołyńskie Włodzimierz 24 609
23%
35. Stanisławowskie Kołomyja 33 391
21%
82. Lubelskie Międzyrzec 16 837
19%
89. Łódzkie Ozorków 14 979
19%
65. Lwowskie Sambor 22 111
18%
87. Białostockie Wołkowysk 15 163
15%
28. Lwowskie Borysław 41 683
13%
83. Nowogródzkie Słonim 16 284
12%
69. Wołyńskie Krzemieniec 19 997
11%
74. Tarnopolskie Czortków 19 215
8%
100. Wołyńskie Ostróg 13 265
6%
99. Tarnopolskie Złoczów 13 265
6%
Nie znaleziono quizów pasujących do podanych kryteriów
Rozkład punktacji
Procent ludzi z każdym wynikiem
Percentyl według liczby udzielonych odpowiedzi
Twoja historia wyników
Nie rozwiązałeś tego quizu